00754nam a2200241Ia 450000500170000000800410001702000150005808200210007324500580009426000990015230000180025165000100026965000110027965000120029070000190030270000200032170000180034170000180035970000170037794200060039495200970040099900150049720250122020922.0240331s9999 xx 000 0 und d a0745609740 bBON21099a305.4 0aImagining Women:bCultural Representations and Gender aCambridgebPolity Press in Association with Blackwell Publishers and The Open Universityc1992 aviii, 361 p., aWomen aGender aCulture aBonner, Feedt aGoodman, Leedt aAllen, Reedt aJanes, Leedt aKing, Ceedt cL 001040708LaWERCLbWERCLcSSCd2024-03-31l0o 305.4 IMAp1099r2024-03-31w2024-03-31yL c1633d1633